1183 1899 1077 1530 1473 1368 1400 1267 1327 1465 1409 1675 1249 1300 1175 1919 1005 1973 1304 1811 1042 1035 1081 1192 1730 1856 1907 1901 1622 1256 1854 1156 1992 1942 1631 1074 1931 1116 1413 1420 1966 1282 1806 1026 1383 1224 1458 1096 1509 1747 1791 1813 1931 1733 1237 1487 1429 1074 1952 1663 1384 1572 1268 1292 1706 1917 1859 1217 1659 1133 1103 1099 1391 1768 1274 1678 1318 1500 1918 1363 1830 1119 1010 1478 1287 1566 1232 1924 1838 1966 1122 1770 1893 1026 1060 1434 1671 1579 1891 BCNSPRNW ULIB Ver.6.0+V

เปลี่ยนเป็นภาษาไทย

Change to English
 แสดงรายละเอียดบรรณานุกรม
  กลับหน้าหลัก

Brief Record : Get Marc (ISO 2709) : E-mail record : QR code < ปิดหน้าต่าง
LEADER : 00000nam 2200000uu 4500
001    13399122506
003     ULIB
008    970921s2535 th a m 000 0 tha d
099    ^aวพ.WC550^bร466ป
100 0  ^aรำไพ เกียรติอดิศร
245 10 ^aประสิทธิผลของโปรแกรมสุขศึกษาในการป้องกันโรคพิษสุนัขบ้าของห ัวหน้าครัวเรือนในเขตอำเภอลาดยาว จังหวัดนครสวรรค์ =^bThe effectiveness of health education program on prevention of rabies among heads of household in Ladyoa district, Nakornsawan province /^cโดย รำไพ เกียรติอดิศร
246 31 ^aThe effectiveness of health education program on prevention of rabies among heads of household in Ladyoa district,Nakornsawan province
260    ^a^c2535
300    ^aก-ญ, 125 แผ่น ;^c30 ซม.
500    ^aSend to Single Search
502    ^aวิทยานิพนธ์ (วท.ม. (สาธารณสุขศาสตร์))--มหาวิทยาลัยมหิดล, 2535
610 24 ^aมหาวิทยาลัยมหิดล^xวิทยานิพนธ์
610 24 ^aมหาวิทยาลัยมหิดล. ^bคณะสาธารณสุขศาสตร์^xวิทยานิพนธ์
650  4 ^aโรคพิษสุนัขบ้า
650  4 ^aการสอนแบบโปรแกรม
650  4 ^aโรคกลัวน้ำ^xการป้องกันและควบคุม
650  4 ^aสุขศึกษา
691    ^aวท.ม. (2535)
692    ^aสุขศึกษา (มหาวิทยาลัยมหิดล 2535)
710 2  ^aมหาวิทยาลัยมหิดล
710 2  ^aมหาวิทยาลัยมหิดล. ^bคณะสาธารณสุขศาสตร์
945    ^p0^l0^i023428
999    ^aกมลทิพย์ ธนสารสุธี
รายการนี้ยังไม่มีแท็ก
คุณยังไม่ได้ล็อกอิน คุณสามารถมีกิจกรรมร่วมกับเว็บไซต์ได้ แต่ต้องล็อกอินก่อน ::
  ล็อกอิน

รายการสื่อสารสนเทศ

ลำดับที่ ประเภท เลขเรียก/บาร์โค้ด สถานที่ สถานะ
1. วิทยานิพนธ์
วิทยานิพนธ์
วพ.WC550 ร466ป  
  Barcode: 023428
ห้องสมุดวิทยาเขตสวรรค์ประชารักษ์
► วิทยานิพนธ์
บนชั้น

รายการใกล้เคียง
    หัวเรื่อง [สุขศึกษา]

BibComment


ยังไม่เคยถูกคอมเมนท์

คอมเมนท์ทรัพยากรรายการนี้
  คอมเมนท์: ประสิทธิผลของโปร..


 Copyright 2026. Bcnsprnw @Library